9. Mezinárodní vědecká konference Aktuální trendy lázeňství, hotelnictví a turismu recenzovaný sborník on-line konference, 26. května 2021, Karviná = Peer Reviewed Online-Conference Proceedings, 26th May 2021, Karviná, Czech Republic

Gespeichert in:
Bibliographische Detailangaben
Körperschaft: Aktuální trendy lázeňství, hotelnictví a turismu. mezinárodní vědecká konference
Weitere Verfasser: Pellešová, Pavlína, Plesník, Pavol, 1956-, Botlíková, Milena, Kostková, Miroslava
Format: Buch
Sprache:Tschechisch
Slowakisch
Englisch
Veröffentlicht: Karviná Slezská univerzita v Opavě 2021
Ausgabe:1. vydání
Schlagworte:
Tags: Tag hinzufügen
Keine Tags, Fügen Sie das erste Tag hinzu!

MARC

LEADER 00000nlm a2200000 4500
001 0277847
005 20240822101716.8
020 |a 978-80-7510-462-5 
020 |a 978-80-7510-461-8 
041 0 |a cze 
041 0 |a slo 
041 0 |a eng 
044 |a CZ 
245 1 0 |a 9. Mezinárodní vědecká konference Aktuální trendy lázeňství, hotelnictví a turismu  |b recenzovaný sborník on-line konference, 26. května 2021, Karviná = Peer Reviewed Online-Conference Proceedings, 26th May 2021, Karviná, Czech Republic  |c sborník recenzovali / Peer Reviewers: Pavlína Pellešová, Pavol Plesník, Milena Botlíková, Miroslava Kostková 
250 |a 1. vydání 
264 1 |a Karviná  |b Slezská univerzita v Opavě  |c 2021 
300 |a 251 s. 
610 2 0 |a ruch cestovný 
610 2 0 |a turistika 
610 2 0 |a kúpeľníctvo 
610 2 0 |a marketing 
610 2 0 |a služby 
610 2 0 |a gastronómia 
610 2 0 |a ubytovanie 
610 2 0 |a pandémia 
700 1 |a Pellešová, Pavlína 
700 1 |a Plesník, Pavol, 1956- 
700 1 |a Botlíková, Milena 
700 1 |a Kostková, Miroslava 
110 2 |a Aktuální trendy lázeňství, hotelnictví a turismu. mezinárodní vědecká konference